Berne & Levy Physiology: (Record no. 37167)

MARC details
000 -LEADER
fixed length control field 00509nam a22002057a 4500
005 - DATE AND TIME OF LATEST TRANSACTION
control field 20260505111632.0
008 - FIXED-LENGTH DATA ELEMENTS--GENERAL INFORMATION
fixed length control field 260505b |||||||| |||| 00| 0 eng d
020 ## - INTERNATIONAL STANDARD BOOK NUMBER
ISBN 9780323847902
082 ## - DEWEY DECIMAL CLASSIFICATION NUMBER
Classification number 612
Item number KOE-B
100 ## - MAIN ENTRY--AUTHOR
Author Name Koeppen Bruce M.
245 ## - TITLE STATEMENT
Title Berne & Levy Physiology:
250 ## - EDITION STATEMENT
Edition statement 8th.ed
260 ## - PUBLICATION, DISTRIBUTION, ETC.
Place of Publication USA:
Name of publisher, distributor, etc. Elsevier;
Date of publication, distribution, etc. 2024.
300 ## - PHYSICAL DESCRIPTION
Pages 817p.
500 ## - GENERAL NOTE
General note include index.
650 ## - SUBJECT ADDED ENTRY--TOPICAL TERM
Subject / Department Medical / Physiology
700 ## - ADDED ENTRY--PERSONAL NAME
Personal name Bruce A. Stanton
700 ## - ADDED ENTRY--PERSONAL NAME
Personal name Julianne M.Hall
952 ## - LOCATION AND ITEM INFORMATION (KOHA)
-- 0
-- 0
952 ## - LOCATION AND ITEM INFORMATION (KOHA)
-- 0
-- 0
Holdings
Lost status Damaged status Collection code Permanent Location Current Location Shelving Location Date acquired Full Call Number Accession No./Barcode Date last seen Copy number item type Koha item type
    Medical Superior Information Resource Center (SIRC) Superior University- Central Library Superior Information Resource Center (SIRC) Superior University- Central Library Physiology(D-L) 05/05/2026 612 KOE-B 2024 29915 05/05/2026 1 BOOK BOOK
    Medical Superior Information Resource Center (SIRC) Superior University- Central Library Superior Information Resource Center (SIRC) Superior University- Central Library Physiology(D-L) 05/05/2026 612 KOE-B 2024 29916 05/05/2026 2 BOOK BOOK

Powered by Koha